|
|
|
|
| LEADER |
01254nam a2200301 a 4500 |
| 001 |
5553 |
| 003 |
BD-DhAAL |
| 005 |
20150218111923.0 |
| 008 |
150218s1991 nyua bs 001 0 eng |
| 010 |
|
|
|a 94047648
|
| 020 |
|
|
|a 1563244810
|
| 020 |
|
|
|a 1563244829 (Alk. paper)
|
| 040 |
|
|
|a DLC
|c DLC
|d DLC
|d BD-DhAAL
|
| 050 |
0 |
0 |
|a HA29
|b .M236 1995
|
| 082 |
0 |
0 |
|a 300/.1/5195
|2 20
|
| 100 |
1 |
|
|a Maier, Mark H.,
|d 1950-
|9 8614
|
| 245 |
1 |
4 |
|a The data game :
|b controversies in social science statistics /
|c Mark H. Maier.
|
| 250 |
|
|
|a 2nd. ed.
|
| 260 |
|
|
|a Armonk, NY :
|b M.E. Sharpe,
|c c1991
|g (1995 printing)
|
| 300 |
|
|
|a xv, 295 p. :
|b ill. ;
|c 24 cm.
|
| 504 |
|
|
|a Includes bibliographical references (p. 240-281) and index.
|
| 541 |
|
|
|e 5553
|
| 650 |
|
0 |
|a Social sciences
|x Statistical methods.
|9 8615
|
| 650 |
|
0 |
|a Social problems
|x Statistics.
|9 8616
|
| 942 |
|
|
|2 ddc
|c BK
|
| 999 |
|
|
|c 33745
|d 33745
|
| 952 |
|
|
|0 0
|1 0
|2 ddc
|4 0
|6 300_151950000000000_MAI
|7 0
|9 52704
|a SCL
|b SCL
|c GEN
|d 2015-02-18
|e Gift: The Asia Foundation
|l 1
|o 300.15195 MAI
|p 3020005553
|r 2025-02-23
|s 2025-02-15
|t 1
|w 2015-02-18
|y BK
|
| 952 |
|
|
|0 0
|1 0
|2 ddc
|4 0
|6 300_151950000000000_MAI
|7 0
|9 52753
|a SCL
|b SCL
|c GEN
|d 2015-02-24
|e Gift: The Asia Foundation
|l 0
|o 300.15195 MAI
|p 3020005554
|r 2015-02-24
|t 2
|w 2015-02-24
|y BK
|